000 00342nam a2200121Ia 4500
008 180219s9999 xx 000 0 und d
020 _a9789749823972
100 _aRayfiled, Slyvia
245 _cManning, Loretta
_aNCLEX-RN 101: How to pass /
250 _a6th ed
260 _aBossier City :
_bI CAN Publishing
_c2007
300 _ai, 227 pages
999 _c355961
_d355961